1457 1915 1235 1865 1327 1013 1213 1931 1338 1658 1714 1978 1507 1845 1912 1068 1835 1940 1400 1315 1171 1986 1228 1870 1519 1916 1391 1904 1311 1740 1649 1592 1791 1554 1336 1919 1197 1894 1821 1993 1289 1572 1801 1579 1223 1334 1127 1355 1458 1108 1778 1302 1931 1401 1959 1091 1301 1930 1138 1213 1827 1233 1475 1872 1498 1728 1006 1250 1226 1688 1044 1433 1442 1448 1871 1942 1209 1652 1763 1617 1502 1536 1375 1445 1438 1786 1913 1829 1581 1935 1938 1148 1049 1832 1323 1072 1794 1334 1395 BCNSPRNW ULIB Ver.6.0+V

เปลี่ยนเป็นภาษาไทย

Change to English
 แสดงรายละเอียดบรรณานุกรม
  กลับหน้าหลัก

Brief Record : Get Marc (ISO 2709) : E-mail record : QR code < ปิดหน้าต่าง
LEADER : 00000nam 2200000uu 4500
001    13399121908
003     ULIB
008    121213s2550||||th 000 0 tha d
020    ^a9789741107247
060 04 ^aWO100^bจ638พ 2550
100 0  ^aจุมพล วิลาศรัศมี
245 10 ^aพื้นฐานศัลยศาสตร์ /^cจุมพล วิลาศรัศมี ... [และคนอื่นๆ]
250    ^aพิมพ์ครั้งที่ 1
260    ^aกรุงเทพฯ :^bภาควิชาศัลยศาสตร์ คณะแพทยศาสตร์โรงพยาบาลรามาธิบดี มหาวิทยาลัยมหิดล,^c2550
300    ^aviii, 712 หน้า :^bภาพประกอบ ;^c30 ซม.
650  2 ^aCritical Care
650  2 ^aSurgery, Operative
650  7 ^aศัลยศาสตร์
650  7 ^aผู้ป่วยหนัก, การดูแล
710 2  ^aมหาวิทยาลัยมหิดล. ^bคณะแพทยศาสตร์โรงพยาบาลรามาธิบดี.^bภาควิชาศัลยศาสตร์
945    ^p800^l0^i14124
995    ^aทศพร
999    ^aทศพร เกษรทอง
รายการนี้ยังไม่มีแท็ก
คุณยังไม่ได้ล็อกอิน คุณสามารถมีกิจกรรมร่วมกับเว็บไซต์ได้ แต่ต้องล็อกอินก่อน ::
  ล็อกอิน

รายการสื่อสารสนเทศ

ลำดับที่ ประเภท เลขเรียก/บาร์โค้ด สถานที่ สถานะ
1. วิทยาศาสตร์การแพทย์ และสุขภาพ
วิทยาศาสตร์การแพทย์ และสุขภาพ
WO100 จ638พ 2550 ฉ.1 
  Barcode: 14124
ห้องสมุดวิทยาเขตสวรรค์ประชารักษ์
►ส่วนจัดเก็บหนังสือเก่า สปร
บนชั้น
  ขอยืม

รายการใกล้เคียง
    ผู้แต่ง [จุมพล วิลาศรัศมี]

    หัวเรื่อง [Critical Care]
    หัวเรื่อง [ศัลยศาสตร์]
    หัวเรื่อง [ผู้ป่วยหนัก, การดูแล]

BibComment


ยังไม่เคยถูกคอมเมนท์

คอมเมนท์ทรัพยากรรายการนี้
  คอมเมนท์: พื้นฐานศัลยศาสตร..


 Copyright 2026. Bcnsprnw @Library